| 000 | 00347nam a22001457a 4500 | ||
|---|---|---|---|
| 008 | 230622b ||||| |||| 00| 0 eng d | ||
| 020 | _a97812099190 | ||
| 041 | _aeng | ||
| 080 |
_2THIRD EDITION _a94 |
||
| 082 | _a94BIN | ||
| 100 | _a28 | ||
| 101 | _aHIS | ||
| 245 |
_aHANDBOOK OF AGING AND THE SOCIAL SCIENCES _cBINSTOCK.H.R |
||
| 942 |
_2udc _cBK |
||
| 999 |
_c60026 _d60026 |
||